SCIENTIFIC EXPOSITION OF AYURVEDA (Record no. 8754)
[ view plain ]
| 000 -LEADER | |
|---|---|
| fixed length control field | 00295nam a22001337a 4500 |
| 003 - CONTROL NUMBER IDENTIFIER | |
| control field | SGT |
| 082 ## - DEWEY DECIMAL CLASSIFICATION NUMBER | |
| Classification number | 615.53 |
| Item number | S05K |
| 100 ## - MAIN ENTRY--PERSONAL NAME | |
| Personal name | KUMAR, SUDHIR |
| 245 ## - TITLE STATEMENT | |
| Title | SCIENTIFIC EXPOSITION OF AYURVEDA |
| 260 ## - PUBLICATION, DISTRIBUTION, ETC. (IMPRINT) | |
| Place of publication, distribution, etc | VARANASI |
| Name of publisher, distributor, etc | CHAUKHAMBHA PUB |
| Year of Publication | 2005 |
| 300 ## - PAGE DESCRIPTION | |
| No. of Pages | 436 |
| 650 ## - SUBJECT ADDED ENTRY--TOPICAL TERM | |
| Topical term or geographic name as entry element | AYURVEDA |
| 942 ## - ADDED ENTRY ELEMENTS (KOHA) | |
| Source of classification or shelving scheme | Dewey Decimal Classification |
| Koha item type | Books |
No items available.